| 000 | 00388nam a22001577a 4500 | ||
|---|---|---|---|
| 005 | 20180201112658.0 | ||
| 008 | 160427b xxu||||| |||| 00| 0 eng d | ||
| 020 | _a81-7446481-6 | ||
| 041 | _aeng | ||
| 082 |
_b00403 _a004 |
||
| 100 |
_aBharihoke, Deepak _988 |
||
| 245 | _aFundamentals of Information Technology | ||
| 260 |
_aNew Delhi _bExcel Books, _c2009 |
||
| 300 | _a653 | ||
| 942 | _cBK | ||
| 999 |
_c126 _d126 |
||